000 00800cam a2200277Ia 4500
001 50404
005 20230411090002.0
008 020218s2001 ck b 000 0 spa d
035 _a(OCoLC)ocm49033383
040 _aTXN
_cTXN
020 _a9580462321
020 _a9789580462323
035 _a(OCoLC)49033383
041 1 _aspa
_heng
092 _a814
_bM277
049 _aGRAL
100 1 _aManguel, Alberto,
_d1948-.
240 1 0 _aInto the lookin-glass wood.
_lSpanish
245 1 0 _aEn el bosque del espejo :
_bensayos sobre las palabras y el mundo /
_cAlberto Manguel.
260 _aBogota :
_bEditorial Norma,
_cc2001.
300 _a275 p. ;
_c21 cm.
440 0 _aColección Biografías y Documentos
650 0 _aLiterature and society.
942 _2lcc
_cbk
994 _aC0
_bDRFGD
999 _c110442
_d110442